000 01233nam0a22002891 4500
001 rc\3635113
005 20260407105937.0
021 _aRU
_b73-54860
021 _aRU
_bРг11897-73
035 _a(NLR Aleph) 007725701
090 _a7000359
_c7000359
100 _a20130115d1973 |||y0rusy50 ca
101 0 _arus
102 _aRU
105 _ay z |||||
200 1 _aМетодические рекомендации по безопасному применению веществ, обладающих токсическими свойствами, при строительстве автомобильных дорог
_fМ-во трансп. стр-ва СССР. Гос. всесоюз. дор. науч.-исслед. ин-т. СоюздорНИИ
210 _aМосква
_cБ. и.
_d1973
215 _a31 с.
_d20
300 _aВ предисл. сост.: инженеры В.И. Колышев, П.В. Маренич
702 1 _aМаренич
_bП.В.
_4220
702 1 _aКолышев
_bВ.И.
_4220
712 0 2 _aВсесоюзный дорожный НИИ
_3RU\NLR\AUTH\889937770
_9370352
801 0 _aRU
_bNLR
_gpsbo
801 1 _aRU
_bELAR
_2rusmarc
852 _aNLR
_j73-4/21428
942 _cBOOK
980 _aNB